| 000 | 01349nam a2200337 a 4500 | ||
|---|---|---|---|
| 001 | 000020765 | ||
| 003 | DO-SdBNP | ||
| 005 | 20240409110227.0 | ||
| 008 | 150206s2015 dr ac r 000 0 spa d | ||
| 020 | _a9789945582260 | ||
| 020 | _a9789945443622 (serie) | ||
| 040 |
_aDO-SdBNP _bspa _cBNPHU |
||
| 082 |
_aRD860.8 _bC744o, 2014 |
||
| 111 | 2 |
_aConcurso de Arte y Literatura Bancentral _n(18 : _d2014 : _cSanto Domingo, República Dominicana) _943521 |
|
| 245 | 1 | 0 |
_aObras premiadas : _bdecimoctavo concurso de arte y literatura Bancentral 2014. |
| 260 |
_aSanto Domingo : _bBanco Central de la República Dominicana, _c2015. |
||
| 490 | 1 |
_aBanco Central de la República Dominicana _v215 |
|
| 490 | 1 |
_aObras premiadas _v18 |
|
| 500 | _aIncluye referencias bibliográficas y notas al pie de las páginas | ||
| 590 | _aInventariado, 2018/BT | ||
| 650 | 4 |
_aCuentos dominicanos _ySIGLO XXI _943522 |
|
| 650 | 4 |
_aCertámenes literarios _ySIGLO XXI _943523 |
|
| 650 | 0 |
_aLiteratura dominicana _ySiglo XXI _943524 |
|
| 650 | 4 |
_aPremios literarios _ySIGLO XXI _943525 |
|
| 650 | 4 |
_aPintura _xPremios _ySIGLO XXI _943526 |
|
| 650 | 4 |
_aDibujo _xPremios _ySIGLO XXI _943527 |
|
| 830 | 0 |
_aObras premiadas _n18 _943528 |
|
| 830 | 0 |
_aBanco Central de la República Dominicana. _n215 _943529 |
|
| 910 | _aValidado. Control de calidad. MFF | ||
| 942 |
_2ddc _cLBS1 |
||
| 999 |
_c20269 _d20269 |
||